• 首页
  • 本馆介绍
  • 公告通知
  • 最新文献
  • 馆藏检索
  • 电子资源
  • 读者导购
  • 参考咨询
  • 我的图书馆
  • 登录
  • 详细信息显示
  • 放入我的书架
  • 预约/预借图书
  • 作者相关作品
  • 分类相关作品
  • 丛书相关作品
  • 出版社相关作品

书目信息

  • 表格格式
  • 工作单格式
  • 卡片格式
题名:
胡献雅诗钞
    
 
作者: 胡献雅 著 ;胡克平 , 胡青 整理
分册:  
出版信息: 南昌   江西人民出版社  2015
页数: 11,196页
开本: 24cm
丛书名: 江西省政府文史研究馆馆员丛书
单 册:
中图分类: I227 , J222.7
科图分类:
主题词: 诗集--shi ji--中国--当代 , 中国画--zhong guo hua--作品集--中国--现代
电子资源:
ISBN: 978-7-210-06009-3
000 00964nam0 22002891 450
001 0120082128
005 20170320082128.0
010    @a978-7-210-06009-3@dCNY42.00
100    @a20151225d2015 em y0chiy50 ea
101 0  @achi
102    @aCN@b360000
105    @aa z 000gy
106    @ar
200 1  @a胡献雅诗钞@9hu xian ya shi chao@f胡献雅著@g胡克平,胡青整理
210    @a南昌@c江西人民出版社@d2015
215    @a11,196页@c图@d24cm
225 2  @a江西省政府文史研究馆馆员丛书@9jiang xi sheng zheng fu wen shi yan jiu guan guan yuan cong shu
461  0 @12001 @a江西省政府文史研究馆馆员丛书
606 0  @a诗集@9shi ji@y中国@z当代
606 0  @a中国画@9zhong guo hua@x作品集@y中国@z现代
690    @aI227@v5
690    @aJ222.7@v5
701  0 @a胡献雅@9hu xian ya@f(1902~1996)@4著
702  0 @a胡克平@9hu ke ping@f(1927~2009)@4整理
702  0 @a胡青@9hu qing@f(1953~)@4整理
801  0 @aCN@bTANGWEI@c20170308
905    @b0956292-5@dI227@e392@f4
    
    胡献雅诗钞/胡献雅著/胡克平,胡青整理.-南昌:江西人民出版社,2015
    11,196页:图;24cm.-(江西省政府文史研究馆馆员丛书)
    
    
    ISBN 978-7-210-06009-3:CNY42.00
    
●
相关链接 在E读中查询图书 在五车中查询图书 在当当中查询图书 在豆瓣中查询图书


正题名:胡献雅诗钞     索取号:I227/392         预约/预借

序号 登录号 条形码 馆藏地/架位号 状态 备注
1 0956292   209562926   第一样本阅览室/ [索取号:I227/392] 在馆    
2 0956293   209562935   第二借阅区/ [索取号:I227/392] 在馆    
3 0956294   209562944   第二借阅区/ [索取号:I227/392] 在馆    
4 0956295   209562953   第二借阅区/ [索取号:I227/392] 在馆    
唐山师范学院图书馆 欢迎您!
大连网信软件有限公司© 版权所有